000
00319nam a2200133Ia 4500
999
_c
14027
_d
14027
082
_a
TV.0091
100
_a
Vyas, Vasumati C.
245
0
_a
Factors affecting the teacher morale
260
_c
1979
_b
M.S. University of Baroda
300
_a
304p.
650
_a
TEACHER MORALE
710
_a
Darji, D.R.
942
_c
TH
_2
ddc